[Event "Canberra ANU op"]
[Site "Canberra"]
[Date "2009.07.26"]
[Round "6"]
[White "Wee, Timothy"]
[Black "Guo, Emma"]
[Result "1-0"]
[WhiteElo "1900"]
[BlackElo "1864"]
[PlyCount "113"]
[EventDate "2009.07.25"]
[EventType "swiss"]
[EventRounds "7"]
[EventCountry "AUS"]
[SourceTitle "EXT 2011"]
[Source "ChessBase"]
[SourceDate "2010.11.26"]
[SourceVersion "1"]
[SourceVersionDate "2010.11.26"]
[SourceQuality "1"]

1. Nf3 d6 2. e4 c5 3. d4 cxd4 4. Nxd4 a6 5. Nc3 e6 6. Be3 Qc7 7. a4 Nf6 8. Be2 Be7 9. 0-0 Nc6 10. Nb3 b6 11. f4 Bb7 12. Bf3 0-0 13. Qd2 Rfd8 14. Qf2 Nd7 15. Rae1 Nc5 16. Nd4 Bf6 17. Nde2 Nb4 18. Rc1 d5 19. e5 Be7 20. Nd4 Nc6 21. Rce1 Nxd4 22. Bxd4 Bc6 23. a5 Rab8 24. Ra1 Rdc8 25. Kh1 Be8 26. axb6 Rxb6 27. f5 Rb4 28. fxe6 fxe6 29. Nxd5 exd5 30. Bxd5+ Bf7 31. Qxf7+ Kh8 32. Bc3 Rg4 33. Rf3 h6 34. Raf1 Rg5 35. Qf4 Qd7 36. Ba2 Na4 37. Be6 Qxe6 38. Qxa4 Qg6 39. g3 Rg4 40. Qd7 Re8 41. Qf5 Qxf5 42. Rxf5 Bc5 43. R1f4 Rg6 44. Rc4 Bb6 45. Kg2 Rge6 46. Rf7 Kg8 47. Rb7 g5 48. Ra4 Bc5 49. h3 Rf8 50. Rc4 Bb6 51. h4 gxh4 52. Rxh4 Rf2+ 53. Kh3 Rxc2 54. Rg4+ Kf8 55. Rc4 Ke8 56. Rc8+ Bd8 57. Rbb8 1-0

[Event "Canberra ANU op"]
[Site "Canberra"]
[Date "2009.07.25"]
[Round "2"]
[White "Wee, Timothy"]
[Black "Dizdarevic, Mehmedalija"]
[Result "0-1"]
[WhiteElo "1900"]
[BlackElo "1938"]
[PlyCount "88"]
[EventDate "2009.07.25"]
[EventType "swiss"]
[EventRounds "7"]
[EventCountry "AUS"]
[SourceTitle "EXT 2011"]
[Source "ChessBase"]
[SourceDate "2010.11.26"]
[SourceVersion "1"]
[SourceVersionDate "2010.11.26"]
[SourceQuality "1"]

1. Nf3 Nf6 2. c4 g6 3. Nc3 Bg7 4. g3 0-0 5. Bg2 d6 6. 0-0 c6 7. d3 Qc7 8. Rb1 Nbd7 9. b4 Rb8 10. b5 c5 11. Qb3 b6 12. Bf4 Bb7 13. a4 h6 14. Rfe1 Nh5 15. Bd2 e5 16. Nh4 Bxg2 17. Nxg2 f5 18. Nd5 Qd8 19. f4 Nhf6 20. Nxf6+ Nxf6 21. Bc3 Re8 22. Qb2 Qe7 23. e3 Rbd8 24. Rf1 Qe6 25. Rbe1 Kh7 26. e4 fxe4 27. fxe5 dxe5 28. dxe4 Ng4 29. Qe2 Rd7 30. Rf3 Red8 31. Ne3 Nxe3 32. Rxe3 h5 33. Rf3 Kg8 34. Ref1 Ra8 35. Rc1 a6 36. Be1 axb5 37. axb5 Rda7 38. Qd1 Bh6 39. Rc2 Rd7 40. Rd3 Rd4 41. Bf2 Ra4 42. Bxd4 exd4 43. Qf3 Rxc4 44. Ra2 Rc1+ 0-1